000 00570nam a2200193 a 4500
001 000043492
005 20240412074302.0
008 140319s2004 dr 000 p spa d
040 _aDO-SdBNP
_bspa
_cBNPHU
082 _aRD861.5
_bC957L
100 1 _aCruz, Yaysa,
_971190
245 1 0 _aLo que no te dejo ver /
_cYaysa Cruz.
260 _a[Santo Domingo :
_bs. n.,
_c[200-?].
300 _a80 p. ;
_c22 cm.
590 _aInventariado, 2019 / DG
650 0 _aPoesía dominicana
_966
650 0 _aLiteratura dominicana.
_967
910 _aValidado. Control de calidad MFF
999 _c42981
_d42981